000 00466nam a2200145 4500
008 151026b xxu||||| |||| 00| 0 eng d
020 _a9966461728
050 _aAFR GR 356.42 .K33 1997
100 _aKabira, Wanjiku M.
_d1997.
245 _aThe Oral artist.
_cWanjiku M. Kabira.
260 _aUSA;
_bEAEP,
_c1997.
300 _av, 105 p.
_c18cm.
650 _aAfrican literature.
942 _2lcc
_cSH_L_BOOKS
_hAFR GR 356.42 .K33 1997
_03
999 _c9350
_d9350